<?xml version="1.0" encoding="UTF-8"?>
<record
    xmlns:xsi="http://www.w3.org/2001/XMLSchema-instance"
    xsi:schemaLocation="http://www.loc.gov/MARC21/slim http://www.loc.gov/standards/marcxml/schema/MARC21slim.xsd"
    xmlns="http://www.loc.gov/MARC21/slim">

  <leader>01283nam a22001337a 4500</leader>
  <datafield tag="999" ind1=" " ind2=" ">
    <subfield code="c">532936</subfield>
    <subfield code="d">532936</subfield>
  </datafield>
  <controlfield tag="008">260402b           ||||| |||| 00| 0 eng d</controlfield>
  <datafield tag="100" ind1=" " ind2=" ">
    <subfield code="a">Kalsi, Singh Nairmaljeet and Kiran, Ravi </subfield>
    <subfield code="9">59949</subfield>
  </datafield>
  <datafield tag="245" ind1=" " ind2=" ">
    <subfield code="a">Analysing the challenges, barriers and risks of e-governance for efficient and effective governance</subfield>
  </datafield>
  <datafield tag="260" ind1=" " ind2=" ">
    <subfield code="a">Productivity  </subfield>
  </datafield>
  <datafield tag="300" ind1=" " ind2=" ">
    <subfield code="a">66(3), Oct-Dec, 2025: p.234-242</subfield>
  </datafield>
  <datafield tag="520" ind1=" " ind2=" ">
    <subfield code="a">Information &amp; Communication Technologies (ICTs) make a difference in the way citizens can realise these services. Therefore, it is essential to examine the elements contributing to the suffering and harassment of residents, enabling effective intervention and enhancing government services. This study employs a participatory stakeholder analysis to examine these aspects. An effort is made to rank these based on mean scores after using factor analysis for factor reduction. The researchers attempt to examine the average scores of academicians and policymakers to ascertain any differences in opinion between the two groups about pain and harassment elements. The purpose of this paper is to expand upon previous research on the topic of e-governance obstacles so that potential solutions can be considered for efficient governance.-Reproduced </subfield>
  </datafield>
  <datafield tag="773" ind1=" " ind2=" ">
    <subfield code="a">Productivity  </subfield>
  </datafield>
  <datafield tag="942" ind1=" " ind2=" ">
    <subfield code="c">AR</subfield>
  </datafield>
  <datafield tag="952" ind1=" " ind2=" ">
    <subfield code="0">0</subfield>
    <subfield code="1">0</subfield>
    <subfield code="2">ddc</subfield>
    <subfield code="4">0</subfield>
    <subfield code="7">0</subfield>
    <subfield code="9">408111</subfield>
    <subfield code="a">IIPA</subfield>
    <subfield code="b">IIPA</subfield>
    <subfield code="d">2026-04-02</subfield>
    <subfield code="h">66(3), Oct-Dec, 2025: p.234-242</subfield>
    <subfield code="p">AR138451</subfield>
    <subfield code="r">2026-04-02</subfield>
    <subfield code="y">AR</subfield>
  </datafield>
</record>
